00684 2200253 4500001002100000005001500021035002500036008004100061020003000102041000800132082000800140090000600148245007300154250002700227260003500254300006400289650001000353084001700363100002200380700000600402520000600408856000600414990001000420INLIS00000000000028920240826102629 a0010-051300000000289240826 b 0 ind  a978 - 979 - 1813 - 12 - 9 aind a813 aF1 aSeri Dunia Binatang Gorila / editor, Triq, :b- /cTim Studio Kreasi aEdisi : 1; Cetakan : 1 aJakarta :bKreasi Media,c2008 a28 hlm. : ilus. ;19.5 cm. :bilustrasi ;c19.5 x 19.5 cme- 4aFiksi aF- 813 TIM s0 aTim Studio Kreasi0 a- a- a- a22871